Biggest Brazilian Cities A-Z - Statistics

General Stats
  • This quiz has been taken 54 times
  • The average score is 10 of 25
Answer Stats
Letter Population City % Correct
R 6,729,830 Rio de Janeiro
100%
S 11,877,700 São Paulo
100%
B 2,877,690 Brasília
98%
M 2,257,580 Manaus
93%
F 2,574,412 Fortaleza
88%
P 1,386,800 Porto Alegre
88%
C 1,829,225 Curitiba
80%
G 1,492,330 Goiânia
73%
T 855,820 Teresina
51%
U 742,790 Uberlândia
46%
J 888,100 João Pessoa
44%
A 628,830 Aracaju
29%
L 552,770 Londrina
29%
D 864,250 Duque de Caxias
20%
O 756,940 Osasco
20%
N 839,550 Nova Iguaçu
17%
Q 149,080 Queimados
12%
H 246,510 Hortolândia
10%
V 492,620 Vila Velha
10%
E 257,800 Embu das Artes
7%
I 382,510 Itaquaquecetuba
7%
K 4,657 Kaloré
2%
W 25,430 Wenceslau Guimarães
2%
X 56,999 Xinguara
2%
Z 41,943 Zé Doca
2%
No matching quizzes found
Score Distribution
Percent of People with Each Score
Percentile by Number Answered
Your Score History
You have not taken this quiz